Statystyki dla Quiz z wiedzy o World of Tanks

Kliknij tutaj aby rozwiązać quiz!

Ogólne statystyki

  • Ten quiz został rozwiązany 546 razy
  • Średni wynik to 7 z 15

Statystyki odpowiedzi

PytaniaOdpowiedzi% Poprawnych
Jaki czołg ma najwięcej HP ?Maus
97%
Ile jest włoskich czołgów premium ?1
83%
Ile pocisków w magazynku ma AMX 50 100?6
79%
Ile jest nacji czołgów lekkich ?4
78%
Czy w World of Tanks była kiedyś mapa o nazwie Perłowa Rzeka?Tak
74%
Jakie średnie obrażenia ma is3? (najlepsze działo)390
62%
W jakim klanie gra PaPaPawian (26.04.2019)?FAME
47%
Jaką ma nazwę ma "lodówka" (pełna)?fv4005 stage II
47%
Ile życia ma hummel?300
45%
Jaki czołg został dodany na X tier za fv4202?Centurion AX
32%
W której aktualizacji dodali pojazdy kołowe ?1.4
27%
Jak nazywa się najlepszy czołg w grze?Obj.279(e)
27%
Jak nazywa się IV tierowy niemiecki czołg z mm +0?Pz.B2
15%
Jak nazywa się zawieszenie w szwedzkich czołgach średnich od VIII tieru (aktualizacja 1.5)?Hydro-pneumatyczne
14%
Jaki czołg lekki ma największy zasięg widzenia (bazowo)Hwk 30
2%

Rozkład punktacji

Percentyl według liczby udzielonych odpowiedzi

Procent ludzi z każdym wynikiem

Twoja historia wyników

Nie rozwiązałeś tego quizu